geog.1 : (Record no. 6370)
[ view plain ]
| 000 -LEADER | |
|---|---|
| fixed length control field | 01708nam a22002417a 4500 |
| 001 - CONTROL NUMBER | |
| control field | 6370 |
| 003 - CONTROL NUMBER IDENTIFIER | |
| control field | FISKH |
| 005 - DATE AND TIME OF LATEST TRANSACTION | |
| control field | 20250424111447.0 |
| 008 - FIXED-LENGTH DATA ELEMENTS--GENERAL INFORMATION | |
| fixed length control field | 250424b cb ||||| |||| 00| 0 eng d |
| 020 ## - INTERNATIONAL STANDARD BOOK NUMBER | |
| International Standard Book Number | 9780198393023 |
| 040 ## - CATALOGING SOURCE | |
| Original cataloging agency | FISKH |
| Language of cataloging | eng |
| Transcribing agency | FISKH |
| Modifying agency | FISKH |
| 082 ## - DEWEY DECIMAL CLASSIFICATION NUMBER | |
| Classification number | 910.712 |
| 100 ## - MAIN ENTRY--PERSONAL NAME | |
| Personal name | Gallagher, RoseMarie |
| 245 ## - TITLE STATEMENT | |
| Title | geog.1 : |
| Remainder of title | 4th edition geography for key stage 3 / |
| Statement of responsibility, etc. | By RoseMarie Gallagher , Richard Parish and Janet Williamson |
| 250 ## - EDITION STATEMENT | |
| Edition statement | First published in 2000 |
| 260 ## - PUBLICATION, DISTRIBUTION, ETC. | |
| Place of publication, distribution, etc. | Oxford : |
| Name of publisher, distributor, etc. | Oxford University Press , |
| Date of publication, distribution, etc. | 2014. |
| 300 ## - PHYSICAL DESCRIPTION | |
| Extent | 144 pages : |
| Other physical details | color illustrations, maps ; |
| Dimensions | 28 cm . |
| 520 ## - SUMMARY, ETC. | |
| Summary, etc. | geog.123 is a three-book course for the National Curriculum at Grade 6-9. This 4th edition has been specially written to match the new Programme of Study (for teaching from 2014).geog.123 combines a rigorous approach to content with a light touch, making it the most effective and engaging Grade 6-9 course available.Easy-to-use double-page spreads feature clearly-written objectives, student-friendly language, illustrated step-by-step explanations, up-to-date case studies and place-based examples, and high-quality photos, maps, and diagrams. Each Student Book has a glossary and full index.geog.1 includes coverage of the geological timescale, mapskills, the UK, glaciation, rivers, and Africa.Each Student Book is supported by online lesson plans and presentations, online resources including animations, and worksheets, and online assessment materials; an online Student Book; a Teacher's Handbook; a Workbook; and a Workbook Answer Book. |
| 700 ## - ADDED ENTRY--PERSONAL NAME | |
| Personal name | Parish, Richard |
| Relator term | Illustrator |
| 700 ## - ADDED ENTRY--PERSONAL NAME | |
| Personal name | Williamson, Janet |
| Relator term | Illustrator |
| 942 ## - ADDED ENTRY ELEMENTS (KOHA) | |
| Source of classification or shelving scheme | Dewey Decimal Classification |
| Koha item type | Books |
| Suppress in OPAC | No |
| Withdrawn status | Lost status | Source of classification or shelving scheme | Damaged status | Not for loan | Collection | Home library | Current library | Shelving location | Date acquired | Total Checkouts | Full call number | Barcode | Date last seen | Copy number | Price effective from | Koha item type |
|---|---|---|---|---|---|---|---|---|---|---|---|---|---|---|---|---|
| Dewey Decimal Classification | Reference | Footprints International School Library Network Toul Tom Poung Campus | Footprints International School Library Network Toul Tom Poung Campus | TTP Secondary Non-Fiction Bookshelves | 04/24/2025 | GAL 910.712 | FISSE03097 | 04/24/2025 | 1 | 04/24/2025 | Books | |||||
| Dewey Decimal Classification | Reference | Footprints International School Library Network Toul Tom Poung Campus | Footprints International School Library Network Toul Tom Poung Campus | TTP Secondary Non-Fiction Bookshelves | 04/24/2025 | GAL 910.712 | FISSE03109 | 04/24/2025 | 2 | 04/24/2025 | Books |
